Normal view
MARC view
Entry Topical Term
001 - CONTROL NUMBER
- control field: 6484
003 - CONTROL NUMBER IDENTIFIER
- control field: OSt
005 - DATE AND TIME OF LATEST TRANSACTION
- control field: 20190624062127.0
008 - FIXED-LENGTH DATA ELEMENTS
- fixed length control field: 190624|| aca||aabn | a|a d
040 ## - CATALOGING SOURCE
- Original cataloging agency: OSt
- Transcribing agency: OSt
150 ## - HEADING--TOPICAL TERM
- Topical term or geographic name entry element: Tribes - India - Jharkhand
670 ## - SOURCE DATA FOUND
- Source citation: Work cat.: (OSt): Saboo, Shalini 6483, Value addition to minor forest produce: gateway to economic empowerment of Jharkhand tribals , 2019
